NFL Top 10 League Leaders of the 2010s - Statistics

General Stats
  • This quiz has been taken 276 times
  • The average score is 32 of 66
Answer Stats
Player % Correct
Drew Brees
98%
Tom Brady
98%
Eli Manning
96%
Aaron Rodgers
88%
Philip Rivers
87%
Matt Ryan
85%
Calvin Johnson
84%
Chris Johnson
84%
Derrick Johnson
84%
Julio Jones
83%
Chandler Jones
82%
Marcus Peters
81%
Adrian Peterson
79%
Antonio Brown
78%
Ben Roethlisberger
78%
Patrick Peterson
78%
Matthew Stafford
77%
Russel Wilson
73%
J.J. Watt
71%
Rob Gronkowski
68%
Demaryius Thomas
65%
Earl Thomas III
65%
LeSean McCoy
65%
Marshawn Lynch
64%
Cam Newton
62%
Frank Gore
62%
Joe Flacco
62%
Larry Fitzgerald
61%
A.J. Green
58%
Richard Sherman
58%
Andy Dalton
56%
DeSean Jackson
54%
Von Miller
50%
DeMarco Murray
48%
Luke Kuechly
45%
Bobby Wagner
44%
DeAndre Hopkins
44%
Todd Gurley
44%
Arian Foster
42%
Dez Bryant
41%
Jordy Nelson
40%
Reggie Nelson
40%
Matt Forte
39%
Jimmy Graham
38%
Mark Ingram Jr.
34%
T.Y. Hilton
31%
LeGarrette Blount
30%
Brandon Marshall
29%
Clay Matthews III
22%
Terrell Suggs
22%
Justin Houston
20%
Aqib Talib
19%
Cameron Jordan
18%
Devin McCourty
17%
Lavonte David
17%
Cameron Wake
12%
Eric Weddle
11%
Carlos Dunlap
8%
Joe Haden
7%
Malcolm Jenkins
6%
Brent Grimes
5%
Ryan Kerrigan
5%
Antoine Bethea
4%
Lawrence Timmons
2%
Paul Posluszny
2%
Karlos Dansby
1%
No matching quizzes found
Score Distribution
Percent of People with Each Score
Percentile by Number Answered
Your Score History
You have not taken this quiz